سفرد ر سفر (شعر ی جمو عہ ) (Record no. 175766)
[ view plain ]
| 000 -LEADER | |
|---|---|
| fixed length control field | 00680nam a22001937a 4500 |
| 005 - DATE AND TIME OF LATEST TRANSACTION | |
| control field | 20200928111655.0 |
| 010 ## - LCCN (DPL NO) | |
| LC control number | UR-10874 |
| 020 ## - INTERNATIONAL STANDARD BOOK NUMBER | |
| Terms of availability | 112.00 |
| International Standard Book Number | 9789390100064 |
| 035 ## - SYSTEM CONTROL NUMBER | |
| System control number | U-9429 |
| 037 ## - SOURCE OF ACQUISITION | |
| Source of stock number/acquisition | DBAD/PUB |
| 082 ## - DEWEY DECIMAL CLASSIFICATION NUMBER | |
| Classification number | 841 |
| 100 ## - MAIN ENTRY--PERSONAL NAME | |
| Personal name | محمد ا يو ب خا ن |
| 245 ## - TITLE STATEMENT | |
| Title | سفرد ر سفر (شعر ی جمو عہ ) |
| Statement of responsibility, etc | محمد ا يو ب خا ن |
| 246 ## - VARYING FORM OF TITLE | |
| Remainder of title | Safar Dar Safar (Urdu) |
| Title proper/short title | by Mohd.. Ayyub Khan |
| 260 ## - PUBLICATION, DISTRIBUTION, ETC. (IMPRINT) | |
| Place of publication, distribution, etc | N.Delhi |
| Name of publisher, distributor, etc | Educational Publishing House |
| Date of publication, distribution, etc | 2020 ء |
| 270 ## - ADDRESS | |
| Address | H.O.D1/16,Ansari Road,Darya ganj, |
| City | N.Delhi |
| Postal code | 110002 |
| Telephone number | 45678285,23216162 |
| Fax number | 0091-11-23211540 |
| 300 ## - PHYSICAL DESCRIPTION | |
| Extent | 112 ص |
| Dimensions | 22 Cm(Hb) |
| 942 ## - ADDED ENTRY ELEMENTS (KOHA) | |
| Source of classification or shelving scheme | Dewey Decimal Classification |
| Item type | Urdu Bks |
| Classification part | 841 |
| Call number suffix | م ح م |
| Withdrawn status | Lost status | Not for loan | Collection code | Home library | Current library | Date acquired | Source of acquisition | Cost, normal purchase price | Full call number | Barcode | Copy number | Cost, replacement price | Koha item type |
|---|---|---|---|---|---|---|---|---|---|---|---|---|---|
| Non-fiction | D.B.Act.Division | D.B.Act.Division | 28/09/2020 | DBAD/PUB | 112.00 | 841 م ح م | U-9429 | 1 | 112.00 | Urdu Bks |
